| 000 | 01369nac a22003490a 4500 | ||
|---|---|---|---|
| 001 | PT35470 | ||
| 003 | AR-LpoUNG | ||
| 005 | 20210201005345.0 | ||
| 008 | 201001ss.f.||||ag |||||||||||||||||spa d | ||
| 020 |
_a9879300264 _c$36,50 |
||
| 040 |
_aAR-LpoUNG _bspa _eaacr |
||
| 041 | _aspa | ||
| 044 | _aag | ||
| 082 | 0 | _a428 198u5 | |
| 100 | 1 | _aMagno, Cristina | |
| 245 | 1 | 0 |
_aCurso de lectocomprensión en inglés : _bunidad 5 |
| 260 |
_aBuenos Aires : _bs.n., _cs.f.. |
||
| 300 |
_a34 p. : _bil. _3Fotocopia |
||
| 490 | 0 | _aUniversidad y Educación : material didáctico | |
| 505 | 0 | _aMaterial adaptado por la Biblioteca Digital y Sonora de la UByD, preparado con fines de estudio o recreación, para uso exclusivo y personal de usuarios no videntes, o con otras discapacidades perceptivas. | |
| 520 | _aEl objetivo de este curso es posibilitar la comprensión de textos auténticos en idioma inglés, lo que le permitirá al alumno incrementar su autonomía intelectual, insertarse en el mundo laboral y seguir sus estudios superiores. | ||
| 650 | 4 | _aENSEÑANZA DE IDIOMAS | |
| 650 | 4 | _aINGLES BASICO | |
| 650 | 4 | _aLABORATORIOS DE IDIOMA | |
| 650 | 4 | _aLENGUA INGLESA | |
| 650 | 4 | _aLINGÜISTICA | |
| 651 | 4 | _aDOCUMENTOS TEORICOS O METODOLOGICOS | |
| 653 | _aDISCAPACIDAD VISUAL | ||
| 700 | 1 | _aScagnetti, Andrea | |
| 905 | _a35470 | ||
| 942 | _cFOTOC | ||
| 999 |
_c49253 _d49253 |
||